00304 a2200097 4500001001000000005001700010008004100027245006400068100002300132773005100155ART_3138420260410161707.0260409a 10aSociedades controladas y transparencia fiscal internacional1 aRosembuj, Tulio R.0 tRevista Impuestosg- NÂș 7 (abr. 2007)wREV639